Movies Quiz

Random Movies or Box Office Quiz

Biggest Box Office Stars 1932-2013 Quiz Stats

 Plays Quiz Updated Oct 29, 2018

Score 0/82 Timer 10:00
7 Plays Today
Year Star % Correct
1986Tom Cruise
73.2%
2000Tom Cruise
73.2%
1988Tom Cruise
73.2%
1992Tom Cruise
73.2%
1996Tom Cruise
73.2%
2001Tom Cruise
73.2%
2005Tom Cruise
73.2%
1994Tom Hanks
69%
1995Tom Hanks
69%
1998Tom Hanks
69%
2002Tom Hanks
69%
2004Tom Hanks
69%
2011Brad Pitt
68.4%
2008Will Smith
57.9%
1999Julia Roberts
54.4%
1997Harrison Ford
53.3%
2012Denzel Washington
43.2%
1958Glenn Ford
42.7%
1950John Wayne
40.6%
1951John Wayne
40.6%
1954John Wayne
40.6%
1971John Wayne
40.6%
1955James Stewart
40.4%
2006Johnny Depp
40.4%
2007Johnny Depp
40.4%
1972Clint Eastwood
40%
1973Clint Eastwood
40%
1983Clint Eastwood
40%
Year Star % Correct
1984Clint Eastwood
40%
1993Clint Eastwood
40%
1989Jack Nicholson
37.9%
1974Robert Redford
37.9%
1975Robert Redford
37.9%
1976Robert Redford
37.9%
1969Paul Newman
37.8%
1970Paul Newman
37.8%
1977Sylvester Stallone
35.5%
1985Sylvester Stallone
35.5%
2013Jennifer Lawrence
33.7%
2009Sandra Bullock
28.7%
1990Arnold Schwarzenegger
28%
1961Elizabeth Taylor
25.7%
2003Jim Carrey
24.7%
1965Sean Connery
24.6%
1987Eddie Murphy
24.3%
1952Dean Martin/Jerry Lewis
24.2%
1978Burt Reynolds
23.7%
1979Burt Reynolds
23.7%
1980Burt Reynolds
23.7%
1981Burt Reynolds
23.7%
1982Burt Reynolds
23.7%
1935Shirley Temple
21.1%
1936Shirley Temple
21.1%
1937Shirley Temple
21.1%
1938Shirley Temple
21.1%
1991Kevin Costner
20.6%
Year Star % Correct
1957Rock Hudson
20%
1959Rock Hudson
20%
1944Bing Crosby
19.7%
1945Bing Crosby
19.7%
1946Bing Crosby
19.7%
1947Bing Crosby
19.7%
1948Bing Crosby
19.7%
2010Johnny Depp
19.7%
1953Gary Cooper
19.6%
1960Doris Day
18.2%
1962Doris Day
18.2%
1963Doris Day
18.2%
1964Doris Day
18.2%
1966Julie Andrews
17.6%
1967Julie Andrews
17.6%
1949Bob Hope
17%
1939Mickey Rooney
16.9%
1940Mickey Rooney
16.9%
1941Mickey Rooney
16.9%
1968Sidney Poitier
12.7%
1934Will Rogers
11.6%
1956William Holden
8.9%
1942Abbott & Costello
8.6%
1943Betty Grable
8.3%
1932Marie Dressler
6.5%
1933Marie Dressler
6.5%

You're not logged in!

Compare scores with friends on all Sporcle quizzes.
OR
Log In

Show Comments

Extras

Top Quizzes Today


Score Distribution

Your Account Isn't Verified!

In order to create a playlist on Sporcle, you need to verify the email address you used during registration. Go to your Sporcle Settings to finish the process.

Report this User

Report this user for behavior that violates our Community Guidelines.

Details: